Music Quiz

Random Music Quiz

Irish Folk Music Midterm Quiz Stats

 Plays Quiz not verified by Sporcle

Support Sporcle.
Go Orange.
Score 0/15 Timer 05:00
0 Plays Today
Tune Type Tune Name % Correct
Boil the Breakfast Reel
100%
Lord GregoryEnglish Ballad
44.4%
Double JigThe Hag's Purse|The Sturgeon|The Ten Penny Bit
40.7%
Slip JigElizabeth Kelly's Favourite|Follow Me Down to Limerick
40.7%
English BalladThe Lass of Aughrim
40.7%
English Ballad 2Adieu, Lovely Nancy
40.7%
Loch LeinContemporary sean-nós
40.7%
ReelCharlie Mulvihill's Reel|The Conspiracy
37%
Tune Type Tune Name % Correct
Slide/Single JigRathawaun|The Hare In the Corn
37%
HornpipeMoran's Fancy
37%
MarchMarch of the Kings of Laois
37%
Connemara sean-nósÚna Bhán
37%
Donegal sean-nósAg an Phobal Dé Domhnaigh
33.3%
PolkaDan O'Connell's Favourite|The Race Classic|The Gullane
29.6%
Munster sean-nósCois Abhann na Séad
29.6%

You're not logged in!

Compare scores with friends on all Sporcle quizzes.
OR
Log In

From the Vault

Aboriginal Words You Probably Know

by markassonne

Tie me kangaroo down, sport.
Remove Ads.
Support Sporcle.
Get the best of Sporcle when you Go Orange. This ad-free experience offers more features, more stats, and more fun while also helping to support Sporcle. Thank you for becoming a member.

Show Comments

Extras

Created Mar 1, 2012ReportNominate
Tags:folk, irish, Midterm, tune

Top Quizzes Today


Score Distribution

Your Account Isn't Verified!

In order to create a playlist on Sporcle, you need to verify the email address you used during registration. Go to your Sporcle Settings to finish the process.

Report this User

Report this user for behavior that violates our Community Guidelines.

Details: